| 000 | 00373nam a2200145 a 4500 | ||
|---|---|---|---|
| 005 | 20140412111405.0 | ||
| 008 | 101230s19uu xx 00 eng d | ||
| 050 |
_aTR(GS 372.4 _bB35 BLM |
||
| 100 | _aBereiter, Carl | ||
| 245 | _aChallenge. | ||
| 260 |
_aOhio : _bMcGrawhill, _c2005. |
||
| 440 | _aSRA Open Court Reading | ||
| 500 | _aBlackline masters | ||
| 999 |
_c105547 _d105547 |
||